Normal view
MARC view
- Pettijohn, F. J.
Entry Personal Name
001 - CONTROL NUMBER
- control field: 2389
003 - CONTROL NUMBER IDENTIFIER
- control field: NUST
005 - DATE AND TIME OF LATEST TRANSACTION
- control field: 20170609120757.0
008 - FIXED-LENGTH DATA ELEMENTS
- fixed length control field: 170609|| aca||aabn | a|a d
040 ## - CATALOGING SOURCE
- Original cataloging agency: NUST
- Transcribing agency: NUST
100 ## - HEADING--PERSONAL NAME
- Personal name: Pettijohn, F. J.
- Fuller form of name: (Francis John),
- Dates associated with a name: 1904-
670 ## - SOURCE DATA FOUND
- Source citation: Work cat.: (NUST)0: Pettijohn, F. J. (Francis John), 1904-, Sand and sandstone /, c1987.
